مفاهيم أساسية في العلوم و الرياضيات / (رقم التسجيلة. 9696)

تفاصيل مارك
000 -LEADER
fixed length control field 00533nam a22001817a 4500
005 - DATE AND TIME OF LATEST TRANSACTION
control field 20251108164334.0
008 - FIXED-LENGTH DATA ELEMENTS--GENERAL INFORMATION
fixed length control field 250721s1991 xx 000 0 ara d
082 14 - DEWEY DECIMAL CLASSIFICATION NUMBER
Classification number 500/سلم
100 1# - MAIN ENTRY--PERSONAL NAME
Personal name الناشف، سلمى
245 10 - TITLE STATEMENT
Title مفاهيم أساسية في العلوم و الرياضيات /
264 1# - PRODUCTION, PUBLICATION, DISTRIBUTION, MANUFACTURE, AND COPYRIGHT NOTICE
Place of production, publication, distribution, manufacture إربد :
Name of producer, publisher, distributor, manufacturer دار الأمل للنشر و التوزيع،
Date of production, publication, distribution, manufacture, or copyright notice 1991.
300 ## - PHYSICAL DESCRIPTION
Extent 96ص
650 17 - SUBJECT ADDED ENTRY--TOPICAL TERM
Topical term or geographic name as entry element العلوم
650 17 - SUBJECT ADDED ENTRY--TOPICAL TERM
Topical term or geographic name as entry element التدريس
650 17 - SUBJECT ADDED ENTRY--TOPICAL TERM
Topical term or geographic name as entry element الرياضيات
942 ## - ADDED ENTRY ELEMENTS (KOHA)
Source of classification or shelving scheme Dewey Decimal Classification
Koha item type كتب
المقتنيات
حالة السحب حالة الفقدان مصدر التصنيف حالة التلف غير قابل للإعارة المكتبة الرئيسية المكتبة الحالية موقع الرف تاريخ التزويد الرقم المتسلسل Total Checkouts رقم الإستدعاء تاريخ آخر ظهور تاريخ الفاتورة نوع المادة (كوها) الباركود
    Dewey Decimal Classification     مكتبة أم قصير والمقابلين العامة مكتبة أم قصير والمقابلين العامة الإعارة 06/07/2004 646   500/سلم 28/07/2025 06/07/2004 كتب DUP-01_646
    Dewey Decimal Classification Unchecked   مكتبة الاميرة بديعة مكتبة الاميرة بديعة الإعارة 06/07/2004 2389   500/سلم 28/07/2025 06/07/2004 كتب  
    Dewey Decimal Classification     مكتبة النصر العامة مكتبة النصر العامة الإعارة 16/02/2015 [4228]   500/سلم 28/07/2025 16/02/2015 كتب PLD00316710
    Dewey Decimal Classification     مكتبة وادي السير العامة مكتبة وادي السير العامة الإعارة 06/04/2016 [1397].   500/سلم 28/07/2025 06/04/2016 كتب PLD00384763
Implemented & Customized by: BBB with SCIT (Smart Chains for Information Technology)

Powered by Koha